Nákupné rozhodovanie spotrebiteľa v maloobchodnej predajni
Prenikanie maloobchodných reťazcov zahraničných firiem na slovenský trh prináša nové možnosti do výberu miesta nákupu a vyvoláva zmeny v nákupnom rozhodovaní spotrebiteľov. Zmena tradičných vzorcov spotrebiteľského správania. Vplyv typu nákupu na náročnosť rozhodovania.
Guardado en:
| Autor principal: | |
|---|---|
| Formato: | Capítulo de libro |
| Lenguaje: | eslovaco |
| Materias: | |
| Etiquetas: |
Sin Etiquetas, Sea el primero en etiquetar este registro!
|
MARC
| LEADER | 00000naa a2200000 4500 | ||
|---|---|---|---|
| 001 | r044797 | ||
| 005 | 20240502071339.3 | ||
| 041 | 0 | |a slo | |
| 044 | |a SK | ||
| 245 | 1 | 0 | |a Nákupné rozhodovanie spotrebiteľa v maloobchodnej predajni |c Kornélia Richterová |
| 520 | |a Prenikanie maloobchodných reťazcov zahraničných firiem na slovenský trh prináša nové možnosti do výberu miesta nákupu a vyvoláva zmeny v nákupnom rozhodovaní spotrebiteľov. Zmena tradičných vzorcov spotrebiteľského správania. Vplyv typu nákupu na náročnosť rozhodovania. | ||
| 610 | 2 | 0 | |a správanie spotrebiteľa |
| 610 | 2 | 0 | |a rozhodovanie |
| 610 | 2 | 0 | |a nákup |
| 610 | 2 | 0 | |a predajne |
| 610 | 2 | 0 | |a maloobchod |
| 610 | 2 | 0 | |a spotrebitelia |
| 610 | 2 | 0 | |a produkty |
| 100 | 1 | |a Richterová, Kornélia | |